Economic evaluation of the utility of erts data for developing countries. V 2. (Record no. 23587)

MARC details
000 -LEADER
fixed length control field 00335nam a2200109Ia 4500
082 ## - DEWEY DECIMAL CLASSIFICATION NUMBER
Classification number 33(1-773)
Item number LOW.2
100 ## - MAIN ENTRY--AUTHOR NAME
Personal name LOWE, D S
245 #0 - TITLE STATEMENT
Title Economic evaluation of the utility of erts data for developing countries. V 2.
260 ## - PUBLICATION, DISTRIBUTION, ETC. (IMPRINT)
Place of publication Michigan
Name of publisher Environmental Research Inst
942 ## - ADDED ENTRY ELEMENTS (KOHA)
Koha item type Books
Holdings
Withdrawn status Lost status Damaged status Not for loan Home library Current library Date acquired Full call number Accession Number Koha item type
        RRII Library RRII Library 16/12/2021 33(1-773) LOW.2 04285 Books